Returns to education in Germany <a> variable treatment intensity approach

Salvato in:
Dettagli Bibliografici
Autore principale: Becker, Sachsa
Altri autori: Siebern-Thomas, Frank
Natura: Libro
Lingua:inglese
Pubblicazione: San Domenico (FI) European University Institute 2001
Serie:EUI Working paper ECO No. 2001/9
Soggetti:
Tags: Aggiungi Tag
Nessun Tag, puoi essere il primo ad aggiungerne!!

MARC

LEADER 00000nam a2200000 4500
001 c133189
005 20221124104806.7
041 0 |a eng 
044 |a IT 
245 1 0 |a Returns to education in Germany  |b <a> variable treatment intensity approach  |c Sachsa Becker, Frank Siebern-Thomas 
264 1 |a San Domenico (FI)  |b European University Institute  |c 2001 
300 |a 32 s. 
490 1 |a EUI Working paper ECO  |v No. 2001/9 
830 0 |a EUI Working paper ECO  |v No. 2001/9 
610 2 0 |a vzdelávanie 
610 2 0 |a Nemecko 
610 2 0 |a efektívnosť vzdelávania 
610 2 0 |a regióny 
610 2 0 |a školstvo 
100 1 |a Becker, Sachsa 
700 1 |a Siebern-Thomas, Frank